000 00630nam a22002417a 4500
003 UA-OsUOA
001 26998
007 ta
008 20040614b un ||||| |||| 00| 0 ukr d
090 _a349.2(477)
_bЗ-19
942 _cBK
040 _aUA-OsUOA
_bukr
_cUA-OsUOA
_dUA-OsUOA
245 _aЗаконодавство України про працю
_cУпор. І.В.Зуб
300 _a239 с.
955 _a0
041 _aukr
080 _a349.2(477)
020 _a966-7288-97-8
260 _aКиїв
_bПарламентське видавництво
_c1999
044 _aUA
650 7 _2UDC
999 _c313335
_d313335